000
00293nam a22001217a 4500
040
_c
SK
082
_a
330
100
_a
អ៊ុន ប៊ុនលាង
245
_a
Mathematical analysis for economics and agriculture
260
_a
RUA
_b
អ៊ុន
_c
2001
300
_a
587p.
942
_c
KB
999
_c
9119
_d
9119